000 002900000a22000970004500
100 1 _aMartin, Dale B.
245 1 0 _aReview essay : Justin J. Meggitt, Paul, poverty and survival
300 _aNúm 84 (2001), Páginas 51-64
773 0 _tJournal for the Study of the New Testament
942 _cANA
999 _c55538
_d55538